Every QB to throw a TD to Brandon Marshall - Statistics

General Stats
  • This quiz has been taken 5 times
  • The average score is 3 of 9
Answer Stats
Hint Answer % Correct
DEN/CHI - 40 Jay Cutler
100%
SEA - 1 Russell Wilson
80%
NYJ - 17 Ryan Fitzpatrick
60%
DEN - 1 Jake Plummer
40%
CHI - 3 Josh McCown
20%
MIA - 5 Matt Moore
20%
MIA - 4 Chad Henne
0%
CHI - 2 Jason Campbell
0%
DEN - 10 Kyle Orton
0%
No matching quizzes found
Score Distribution
Percent of People with Each Score
Percentile by Number Answered
Your Score History
You have not taken this quiz